| 000 | 01004cam a22002531i 4500 | ||
|---|---|---|---|
| 003 | SA-RiAUC | ||
| 005 | 20241212055732.0 | ||
| 008 | 241211s1997 su g 000u0 ara c | ||
| 040 |
_aJO-MaAABU _bara _cSA-RiAUC _erda |
||
| 043 | _aar----- | ||
| 050 | 4 | _b.J37 1997 | |
| 082 | 0 | 4 | _a915.304 |
| 090 |
_a915.304 _bج ا س |
||
| 100 | 1 |
_aالجاسر، حمد، _d1328-1421 هجري _eمؤلف. |
|
| 245 | 1 | 0 |
_aرحالة غربيون في بلادنا : _bعرض موجز لرحلات بعض الغربيين في قلب الجزيرة وشمالها مع ضميمة لها صلة بالرحلات / _cحمد الجاسر. |
| 264 | 1 |
_aالرياض : _bدار اليمامة، _c1997 |
|
| 300 | _a386 صفحة | ||
| 336 |
_aنص _btxt _2rdacontent _3كتاب |
||
| 337 |
_aبدون وسيط _bn _2rdamedia |
||
| 338 |
_aمجلد _bnc _2rdacarrier |
||
| 651 | 7 |
_aشبه الجزيرة العربية _xوصف ورحلات _2aucsh |
|
| 942 |
_2ddc _cBOOK _n0 |
||
| 949 |
_aSA-JeALM _d241211 _uosman123 _n1 |
||
| 999 |
_c3368 _d3368 |
||